000 00318nam a2200157Ia 4500
001 32878
003 IN-NITTTR
005 20251114232859.0
008 251113s9999||||xx |||||||||||||| ||eng||
040 _beng
040 _cIN-NITTTR
041 _aeng
082 _aPER
245 0 _aElectrical India /
942 _2ddc
_cBK
999 _c153
_d153